Lecturas sobre la transición

Tallennettuna:
Bibliografiset tiedot
Päätekijä: Vuskovic Céspedes, Pedro
Aineistotyyppi: Teksti
Julkaistu: México D.F.: UNAM
Tagit: Lisää tagi
Ei tageja, Lisää ensimmäinen tagi!

MARC

LEADER 00000 a a2200000 04500
001 23718
003
040
090 |a 167100  
100 |a Vuskovic Céspedes, Pedro  
245 |a Lecturas sobre la transición  
260 |a México D.F.:   |b UNAM  
300 |a 578 p.  
999 |c 12835  |d 12835